书目信息 |
| 题名: |
瓜类蔬菜病虫害诊断与防治原色图谱
|
|
| 作者: | 王久兴 编著 | |
| 分册: | ||
| 出版信息: | 北京 金盾出版社 2004.07 |
|
| 页数: | 378页 | |
| 开本: | 20cm | |
| 丛书名: | 蔬菜病虫害图谱诊断与防治丛书 | |
| 单 册: | ||
| 中图分类: | S463.42-64 | |
| 科图分类: | ||
| 主题词: | 植物--灾害 , 植物--灾害--防治 | |
| 电子资源: | ||
| ISBN: | 7-5082-2238-5 | |
| 000 | 00779nam0 2200241 450 | |
| 001 | 0353558031 | |
| 005 | 20060616102115.68 | |
| 010 | @a7-5082-2238-5@dCNY45.00 | |
| 100 | @a20031218d2004 km y0chiy0120 ea | |
| 101 | 0 | @achi |
| 102 | @aCN@b110000 | |
| 102 | @aCN@b110000 | |
| 200 | 1 | @a瓜类蔬菜病虫害诊断与防治原色图谱@Agua lei shu cai bing chong hai zhen duan yu fang zhi yuan se tu pu@f王久兴等编著@Fwang jiu xing deng bian zhu |
| 210 | @a北京@c金盾出版社@d2004.07 | |
| 215 | @a378页@d20cm | |
| 225 | 2 | @a蔬菜病虫害图谱诊断与防治丛书 |
| 410 | 0 | @12001 @a蔬菜病虫害图谱诊断与防治丛书 |
| 606 | 0 | @a植物@x灾害 |
| 606 | 0 | @a植物@x灾害@x防治 |
| 690 | @aS463.42-64@v4 | |
| 701 | 0 | @a王久兴@Awang jiu xing@4编著 |
| 801 | 0 | @aCN@bPFT@c20060616 |
| 905 | @aBZT@dS463.42-64@e1@f9 | |
| 瓜类蔬菜病虫害诊断与防治原色图谱/王久兴等编著.-北京:金盾出版社,2004.07 |
| 378页;20cm.-(蔬菜病虫害图谱诊断与防治丛书) |
| ISBN 7-5082-2238-5:CNY45.00 |
| ● |
| 相关链接 |
|
|
|
正题名:瓜类蔬菜病虫害诊断与防治原色图谱
索取号:S463.42-64/1
 
预约/预借
| 序号 | 登录号 | 条形码 | 馆藏地/架位号 | 状态 | 备注 |
| 1 | 0348788 | 201346695 | 样本书库/样006架A面2层3列/ [索取号:S463.42-64/1] | 在馆 | |
| 2 | 0348790 | 201346677 | 中心书库中库/ 中库033架A面4列2层19/ [索取号:S463.42-64/1] | 在馆 | |
| 3 | 0348791 | 201346640 | 中心书库中库/ 中库033架A面4列3层85/ [索取号:S463.42-64/1] | 在馆 | |
| 4 | 0348793 | 201346622 | 中心书库中库/ 中库033架A面4列3层88/ [索取号:S463.42-64/1] | 在馆 | |
| 5 | 0447522 | 230004821 | 样本书库/样002架A面4层2列/ [索取号:S463.42-64/1] | 在馆 | |
| 6 | 0447523 | 230004820 | 中心书库中库/ 中库033架A面4列3层87/ [索取号:S463.42-64/1] | 在馆 | |
| 7 | 0447524 | 230004819 | 中心书库中库/ 中库033架A面4列3层86/ [索取号:S463.42-64/1] | 在馆 |